| 000 | 00390nam a2200157 i 4500 | ||
|---|---|---|---|
| 001 | bg | ||
| 245 | 0 | _aNumerical optimisation of dynamic systems. | |
| 260 |
_aAmsterdam : _bNorth-Holland Publishing Company, _c1980. |
||
| 020 | _a0444854940 | ||
| 040 | _cBPK | ||
| 041 | _apol | ||
| 080 | _a519.6 | ||
| 920 | _a0-444-85494-0 | ||
| 942 | _cKS | ||
| 008 | s pl f |000 0 pol | ||
| 999 |
_c19853 _d19853 |
||
| 856 |
_uhttp://koha.tu.koszalin.pl/cgi-bin/koha/opac-detail.pl?biblionumber=19853 _yKatalog online BPK |
||